Il ratto di Ganimede /

Na minha lista:
Detalhes bibliográficos
Autor principal: Fernandez, Dominique (Author)
Formato: Livro
Idioma:Língua italiana
Publicado em: Milano : Bompiani, 1992
Colecção:Saggi tascabili ; 10
Assuntos:
Tags: Adicionar Tag
Sem tags, seja o primeiro a adicionar uma tag!

MARC

LEADER 00000nam a22000007i 4500
001 IT\ICCU\LO1\0262507
003 ItRI
005 20260203100148.0
008 930325s1992 it |||||| ||||| |||||c
015 |2 IT  |a 92-4719 
020 |a 8845219046 
040 |b ita  |c ct 
041 7 |a ita  |2 ISO-639-2 
082 |a 306.7  |2 11 
100 1 |a Fernandez, Dominique  |0 IT\ICCU\CFIV\000738  |4 aut 
240 1 3 |a Le rapt de Ganymède. -  |9 Fernandez, Dominique 
245 1 3 |a Il ratto di Ganimede /  |c Dominique Fernandez. 
260 |a Milano :  |b Bompiani,  |c 1992 
300 |a 352 p. , [16] p. di tav. :  |b ill. ;  |c 20 cm. 
650 7 |a Omosessualità  |x Storia  |x Sec. 19.-20.  |2 scbi 
830 0 |a Saggi tascabili ;  |v 10  |0 IT\ICCU\CFI\0169535 
942 |2 ddc  |c BK 
952 |0 0  |1 0  |2 ddc  |4 0  |6 B_SST03FERDORAT12  |7 0  |9 8678  |a MI  |b MI  |d 2009-08-21  |i 5440  |l 0  |o B-SST03-FERDO-RAT12  |p CDOM5440  |r 2025-07-17 21:50:33  |w 2025-07-17  |x DONO  |y BK 
952 |0 0  |1 0  |2 ddc  |4 0  |6 B_SST03FERDORAT11  |7 0  |9 8679  |a MI  |b MI  |d 2002-06-03  |i 4223  |l 0  |o B-SST03-FERDO-RAT11  |p CDOM4223  |r 2025-07-17 21:50:33  |w 2025-07-17  |x DONO  |y BK 
952 |0 0  |1 0  |2 ddc  |4 0  |6 B_SST03FERDORAT13  |7 0  |9 8680  |a MI  |b MI  |d 2012-02-13  |i 6392  |l 0  |o B-SST03-FERDO-RAT13  |p CDOM6392  |r 2025-07-17 21:50:33  |w 2025-07-17  |x DONO  |y BK 
952 |0 0  |1 0  |4 0  |6 DOC_701_030000000000000_FER  |7 0  |9 15935  |a BO  |b BO  |d 2026-01-15  |i 2757  |l 0  |o DOC 701.03 FER  |p BO2757  |r 2026-01-15 23:19:12  |w 2026-01-15  |x [Sebina 5] [1 v.]  |y BK  |z 1 v. 
999 |c 7218  |d 7218